Ligue 1 2016-2017 Top scorers - Statistics

General Stats
  • This quiz has been taken 17 times
  • The average score is 6 of 10
Answer Stats
Goals Nationality Club Player % Correct
35 Uruguay Paris Saint-Germain Edinson Cavani
100%
28 France Lyon Alexandre Lacazette
88%
21 Colombia Monaco Radamel Falcao
88%
15 France Monaco Kylian Mbappé
82%
15 Italy Nice Mario Balotelli
76%
15 France Marseille Florian Thauvin
71%
20 France Marseille Bafétimbi Gomis
53%
15 Croatia Caen Ivan Santini
29%
14 France Lille Nicolas de Préville
24%
14 Benin Montpellier Steve Mounié
18%
No matching quizzes found
Score Distribution
Percent of People with Each Score
Percentile by Number Answered
Your Score History
You have not taken this quiz